| 000 | 01195nam a2200289 4500 | ||
|---|---|---|---|
| 001 | 178096 | ||
| 003 | ES-MaACL | ||
| 005 | 20230902121400.0 | ||
| 008 | 110517s2008 sp |||| |dspa d | ||
| 020 | _a978-84-8472-385-1 | ||
| 080 | _a82.09"18/19" | ||
| 100 | 1 |
_aSánchez Vázquez, Adolfo. _9102971 |
|
| 245 | 1 | 0 |
_aIncursiones literarias / _cAdolfo Sánchez Vázquez ; edición, estudio introductorio y notas de Manuel Aznar Soler ; presentación de Federico Álvarez Arregui. |
| 260 |
_aSevilla : _bCentro de Estudios Andaluces : _bRenacimiento, _c2008. |
||
| 300 |
_a525 p. : _b1 retr. ; _c22 cm. |
||
| 490 | 1 |
_aBiblioteca del exilio ; _v35 |
|
| 504 | _aBibliografía: p. 58-61. | ||
| 650 | 7 |
_aLiteratura- _yS.XIX- _xHistoria y crítica. _9142386 |
|
| 650 | 7 |
_aLiteratura- _yS.XX- _xHistoria y crítica. _9139829 |
|
| 700 | 1 |
_aAznar Soler, Manuel. _924318 |
|
| 710 | 2 |
_aFundación Centro de Estudios Andaluces. _9144643 |
|
| 830 | 0 |
_aBiblioteca del exilio ; _v35 _9180374 |
|
| 852 |
_aES-MaACL _9184955 _bR.145453 _jA-11190 _dOlim: N-4195 _cDEPO1 _xDonación: Jose Esteban |
||
| 903 |
_9234040 _aEsteban, José _ednr |
||
| 942 |
_2udc _cMONOGRAFIA |
||
| 999 |
_c178096 _d178096 |
||